000 00410nam a2200145 i 4500
001 bg
100 1 _aPARNOWSKI, Tadeusz
245 0 _aPodręcznik akademicki - czas teraźniejszy i przyszły :
_bkomunikat z badań /
_cTadeusz Parnowski, Ewa Prządka.
260 _aWarszawa,
_c1974.
700 1 _aPRZĄDKA, Ewa
040 _cBPK
041 _apol
942 _cKS
008 s pl f |000 0 pol
999 _c26686
_d26686
856 _uhttp://koha.tu.koszalin.pl/cgi-bin/koha/opac-detail.pl?biblionumber=26686
_yKatalog online BPK